LEADER 01241nam2-2200385---450- 001 990003141090203316 005 20080930144738.0 010 $a3-540-00114-X 035 $a000314109 035 $aUSA01000314109 035 $a(ALEPH)000314109USA01 035 $a000314109 100 $a20080909d2003----km-y0itay50------ba 101 $aeng 102 $aDE 105 $ay---||||001yy 200 1 $aVariational methods for crystalline microsctructure-analysis and computation$fGeorg Dolzmann 210 $aBerlin [etc.]$cSpringer$dcopyr. 2003 215 $aVIII, 212 p.$d24 cm 225 2 $aLecture notes in mathematics$v1803 410 0$12001$aLecture notes in mathematics 461 1$1001000315290$12001$aLecture notes in mathematics 606 0 $aMicrostruttura 606 0 $aMateriali proprietà 676 $a620.11299 700 1$aDOLZMANN,$bGeorg$067423 801 0$aIT$bsalbc$gISBD 912 $a990003141090203316 951 $a510 LNM 1803$b30603/CBS$c510$d00114408 959 $aBK 969 $aSCI 979 $aCBAS$b10$c20080909$lUSA01$h0921 979 $aANGELA$b90$c20080930$lUSA01$h1447 996 $aVariational methods for crystalline microsctructure-analysis and computation$91016431 997 $aUNISA LEADER 01561nam0 2200325 i 450 001 VAN0053680 005 20240212033645.250 010 $a04-86648-71-0 010 $a978-04-86648-71-2 100 $a20060928d1985 |0itac50 ba 101 $aeng 102 $aUS 105 $a|||| ||||| 200 1 $aIntroduction to quantum mechanics$ewith applications to chemistry$fby Linus Pauling and E. Bright Wilson jr 210 $aNew York$cDover$d1985 215 $aXI, 468 p.$cill.$d22 cm 410 1$1001VAN0033551$12001 $aDover books on physics and chemistry$1210 $aNew York$cDover 606 $a81-XX$xQuantum theory [MSC 2020]$3VANC019967$2MF 606 $a00A79 (77-XX)$xPhysics [MSC 2020]$3VANC023182$2MF 620 $aUS$dNew York$3VANL000011 700 1$aPauling$bLinus$3VANV042378$01567 701 1$aWilson$bEdgar Bright$3VANV037666$0441081 712 $aDover $3VANV108158$4650 801 $aIT$bSOL$c20240216$gRICA 856 4 $uhttp://books.google.it/books?id=D48aGQTkfLgC&printsec=frontcover&dq=Introduction+to+quantum+mechanics+:+with+applications+to+chemistry&hl=it&ei=7EdiTeaKLoiZ8QP5hsjxCA&sa=X&oi=book_result&ct=result&resnum=1&ved=0CC0Q6AEwAA#v=onepage&q&f=fals$zPreview 899 $aBIBLIOTECA DEL DIPARTIMENTO DI MATEMATICA E FISICA$1IT-CE0120$2VAN08 912 $aVAN0053680 950 $aBIBLIOTECA DEL DIPARTIMENTO DI MATEMATICA E FISICA$d08PREST 81-XX 3716 $e08 5629 I 20060928 996 $aIntroduction to quantum mechanics$91427011 997 $aUNICAMPANIA